000 00327cam a22001097a 4500
008 180718b2012 xxu||||| |||| 00| 0 eng d
082 _aR17x54 B18/099
100 _aBala, Shashi
245 _aImplementation of maternity benefit act
_cby Shashi Bala
260 _aNoida
_bV.V. Giri National labour institute
_c2012
300 _a96p.
999 _c503974
_d503974